01161cam a22003258i 450000100090000000300040000900500170001300800410003002000310007102000250010204000310012705000160015810000290017424501290020325000220033226000400035430000600039433600260045433700280048033800270050850400510053565000230058665000240060965000370063365000380067070000420070870000290075070000270077970000290080619522239OSt20251009184958.0170224s2017 nyu b 001 0 eng  a9781292145174 (alk. paper) a9781292145129 (pbk.) aNUSTbengerdacNUSTdNUST00aHD30.28 JOH1 aJohnson, Gerry,eAuthor.10aExploring strategy :cGerry Johnson, Richard Whittington, Kevan Scholes, Duncan Angwin and Patrick Regner.btext and cases / aEleventh edition. aUnited Kingdom :bPearson,c©2017. axxviii, 797 pages :billustrations (some color)c27 cm. atextbtxt2rdacontent aunmediatedbn2rdamedia avolumebnc2rdacarrier aIncludes bibliographical references and index. 0aBusiness planning. 0aStrategic planning. 0aBusiness planningvCase studies. 0aStrategic planningvCase studies.1 aWhittington, Richard,d1958-eAuthor.1 aScholes, Kevan,eAuthor.1 aAngwin, DuncaneAuthor1 aRegner, PatrickeAuthor